000
00276nam a22001337a 4500
008
170816b xxu||||| |||| 00| 0 eng d
020
_a
9780534378622
041
_a
eng
080
_a
51
100
_a
36
101
_a
MAT
245
_a
CALCULUS
_c
STEWART,J
942
_2
udc
_c
BK
999
_c
23731
_d
23731